| 000 | 00369 a2200169 4500 | ||
|---|---|---|---|
| 001 | 192811 | ||
| 020 | _a978-85-7406-775-9 | ||
| 040 | _cMagnum | ||
| 100 | _aSeuss, Dr. | ||
| 240 | 1 | 0 |
_aHorton choca o ovo _lpor |
| 245 | 1 | 0 | _aHorton choca o ovo |
| 300 | _a69 | ||
| 362 | 0 | _a2017 | |
| 440 | 1 | _aCompanhia das Letrinhas | |
| 697 | _aLITERATURA INFANTO | ||
| 942 | _cBK | ||
| 999 |
_c192811 _d192811 |
||